000 00937nam a2200277Ia 4500
003 GCL
008 140319s9999 xx 000 0 ara d
040 _aGCL /
_cGCL
082 0 4 _a909
_bع ت
100 1 _aعلاء الحلبى
245 1 0 _aالتاريخ المحرم /
_cعلاء الحلبى
250 _aالاولى
260 _aسوريا :
_bدار دمشق للنشر والتوزيع والطباعة ،
_c2006
300 _a356 ص ؛
_c24 سم
650 0 4 _aالتاريخ
650 0 4 _aالعلم والحضارة
650 0 4 _aالحضارة الفرعونية
650 0 4 _aالعلوم عند العرب
650 0 4 _aالبابليون
650 0 4 _aالحضارة القديمة
650 0 4 _aالكشوف العلمية
650 0 4 _aحضارة العراق القديمة
650 0 4 _aالكشوف الجغرافية
650 0 4 _aالحضارة الصينية القديمة
942 _2ddc
_cBK
999 _c9971
_d9971